000 00982nam a22002534a 4500
005 20090924121131.0
008 071102s2008 ii b 001 0 eng
010 _aENG-95037
020 _a9788187374503
_c450.00
035 _aEN-78570
037 _bDBAD / PUB
040 _adpl
_bEnglish
082 _a323.15493
100 _aManoharan, N.
_q(Nagaioh)
245 _aDemocratic dilemma :
_bethnic violence and human rights in Sri Lanka /
_cby N. Manoharan
260 _aNew Delhi
_bSamskriti
_c2008
270 _aC-9020, Vasant Kunj
_bNew Delhi
_e110070
300 _axxv, 279 p.
_c22cm(pbk)
500 _aIncludes bibliographical references and index.
650 _aHuman rights
_zSri Lanka.
650 _aEthnic conflict
_zSri Lanka.
942 _2ddc
_cEN
_mMAN
_h323.15493
999 _c30657
_d30657